000 00387 a2200169 4500
001 188254
020 _a85-262-4764-6
040 _cMagnum
100 _aLouzeiro, José
240 1 0 _aMemórias póstumas de Brás Cubas
_lpor
245 1 0 _aMemórias póstumas de Brás Cubas
300 _a87
362 0 _a2003
440 1 _aScipione
697 _aLITERATURA JUVENIL
942 _cBK
999 _c188254
_d188254